000 00454nam a2200181Ia 4500
001 18506
005 20260306171635.0
008 260306s9999||||xx |||||||||||||| ||und||
041 _aESP
082 _a658.406
_bP43
100 _aPeris García, Roberto
_eAUT
245 0 _aMIMSA:
_bla gestión del cambio de un equipo comercial
260 _c2016
300 _a38 páginas :
_c30 cm.
650 _aGEN
654 _aCAN
942 _cLIB
_dJUS
_fJUS
_2ddc
_n
999 _c18506
_d18506